Statistics for Top 20 UEFA Champions League scorers (of all time) (Football) (Soccer)

Click here to take the quiz!

General Stats

  • This quiz has been taken 10,743 times
    (10,729 since last reset)
  • The average score is 8 of 20

Answer Stats

Top Scorers % Correct
3) Lionel Messi
98%
10) Cristiano Ronaldo
98%
1) Raúl
79%
4) Thierry Henry
63%
17) Zlatan Ibrahimović
50%
2) Ruud Van Nistelrooy
50%
13) Didier Drogba
49%
12) Gerd Müller
46%
8) Filippo Inzaghi
42%
6) Andriy Shevchenko
38%
9) Alessandro Del Piero
37%
20) Kaká
31%
5) Alfredo Di Stéfano
29%
11) Ferenc Puskás
26%
7) Eusébio
23%
14) Fernando Morientes
20%
15) David Trezeguet
19%
18) Roy Makaay
10%
19) Jean-Pierre Papin
8%
16) Francisco Gento
5%

Score Distribution

Percentile by Number Answered

Percent of People with Each Score

Your Score History

You have not taken this quiz since the last reset